The noble scholar, jurist, historian


 His Excellency Dr. Abdul Wahhab bin Ibrahim Abu Sulaiman, may Allah have mercy on him.


 He was born in Umm Al-Qura in the year 1356 AH.

الترقيم وعلاماته في اللغة العربية / (Record no. 7539)

MARC details
000 -LEADER
fixed length control field 04758cam a2200361 i 4500
003 - CONTROL NUMBER IDENTIFIER
control field SA-RiAUC
005 - DATE AND TIME OF LATEST TRANSACTION
control field 20250503084347.0
008 - FIXED-LENGTH DATA ELEMENTS--GENERAL INFORMATION
fixed length control field 250503s1987 sy g 000r0 ara c
024 0# - OTHER STANDARD IDENTIFIER
Standard number or code 00000000983518
024 0# - OTHER STANDARD IDENTIFIER
Standard number or code 00000000990041
040 ## - CATALOGING SOURCE
Original cataloging agency KAPL
Language of cataloging ara
Transcribing agency SA-RiAUC
Modifying agency AE-DuMBRL
Description conventions rda
082 04 - DEWEY DECIMAL CLASSIFICATION NUMBER
Classification number 411.1
Assigning agency SA-RiAUC
090 ## - LOCALLY ASSIGNED LC-TYPE CALL NUMBER (OCLC); LOCAL CALL NUMBER (RLIN)
Classification number (OCLC) (R) ; Classification number, CALL (RLIN) (NR) 411.1
Local cutter number (OCLC) ; Book number/undivided call number, CALL (RLIN) ب ا ش
100 0# - MAIN ENTRY--PERSONAL NAME
Personal name باشا، أحمد زكي
Dates associated with a name 1867-1934
Relator term مؤلف.
245 12 - TITLE STATEMENT
Title الترقيم وعلاماته في اللغة العربية /
Statement of responsibility, etc. لواضعه العلامة المحقق الأديب الكبير أحمد زكي باشا ؛ قدم له واعتنى بنشره عبد الفتاح أبو غدة.
250 ## - EDITION STATEMENT
Edition statement الطبعة الثانية.
264 #1 - PRODUCTION, PUBLICATION, DISTRIBUTION, MANUFACTURE, AND COPYRIGHT NOTICE
Place of production, publication, distribution, manufacture حل‏ب، سوريا :
Name of producer, publisher, distributor, manufacturer مكتب المطبوعات الإسلامية،
Date of production, publication, distribution, manufacture, or copyright notice 1987.
264 #3 - PRODUCTION, PUBLICATION, DISTRIBUTION, MANUFACTURE, AND COPYRIGHT NOTICE
Place of production, publication, distribution, manufacture بيروت :
Name of producer, publisher, distributor, manufacturer دار البشائر الإسلامية للطباعة والنشر والتوزيع
300 ## - PHYSICAL DESCRIPTION
Extent 47 صفحة ؛
Dimensions 24 × 17 سم
336 ## - CONTENT TYPE
Content type term نص
Content type code txt
Source rdacontent
Materials specified كتاب
337 ## - MEDIA TYPE
Media type term بدون وسيط
Media type code n
Source rdamedia
338 ## - CARRIER TYPE
Carrier type term مجلد
Carrier type code nc
Source rdacarrier
520 ## - SUMMARY, ETC.
Summary, etc. يتناول كتاب (الترقيم وعلاماته في اللغة العربية) والذي قام بتأليفه العلامة الأديب الكبير أحمد زكي باشا، موضوع (اللغة العربية) هذا الكتاب هام في اللغة العربية نظرا للأهمية التي تلعبها تلك العلامات ‏في تسهيل الفهم والإدراك لدى المتلقين؛ فهي تعينهم على فهم المقاصد التعبيرية التي وضعت من ‏ ‏أجلها الجمل والعبارات، وقد تناول الكاتب قضية الترقيم بين القدماء والمحدثين، وأشار إلى العلامات ‏الترقيمية المستحدثة التي وفدت إلينا من الغرب، والتي لم يعهدها علماء اللغة قديما؛ كالفصلة، ‏‏والفصلة المنقوطة، وأقواس الاقتباس. ويتناول الكاتب الأسس والقواعد التي ينبغي‏ ‏مراعاتها في الكتابة، كذلك القواعد الخطية المتبعة في رسم بعض الحروف، والحركات ‏الإعرابية الموضوعة عليها، ويوضح مدى أهمية تلك الحركات في ضبط الأعلام الجغرافية والتاريخية، ‏‏كما أشار إلى ظاهرة اختزال بعض الكلمات مثل كلمة "إلخ"، التي تعني إلى آخره.
650 #7 - SUBJECT ADDED ENTRY--TOPICAL TERM
Topical term or geographic name entry element اللغة العربية
General subdivision كتابة
Source of heading or term aucsh
650 #7 - SUBJECT ADDED ENTRY--TOPICAL TERM
Topical term or geographic name entry element اللغة العربية
General subdivision إملاء وتهجئة
Source of heading or term aucsh
700 1# - ADDED ENTRY--PERSONAL NAME
Personal name أبو غدة، عبد الفتاح بن محمد بن بشير،
Dates associated with a name 1917-1997
Relator term مقدم.
856 ## - ELECTRONIC LOCATION AND ACCESS
Uniform Resource Identifier <a href="https://www.hindawi.org/books/82047270.pdf">https://www.hindawi.org/books/82047270.pdf</a>
Link text Digital Copy
Access method نرجو الانتباه لإمكانية وجود اختلاف في الطبعة أو الناشر بين البيانات على البوابة وما ستجده على الكتاب نظرا لمحدودية المعلومات المتاحة على الموقع الناشر للمادة.
Materials specified Please note that there may be a difference in the edition or publisher between the data on the portal and the book due to the limited information available on the publisher website for the material.
856 ## - ELECTRONIC LOCATION AND ACCESS
Uniform Resource Identifier <a href="https://www.hindawi.org/books/82047270/">https://www.hindawi.org/books/82047270/</a>
Link text External Link
Access method نرجو الانتباه لإمكانية وجود اختلاف في الطبعة أو الناشر بين البيانات على البوابة وما ستجده على الكتاب نظرا لمحدودية المعلومات المتاحة على الموقع الناشر للمادة.
Materials specified Please note that there may be a difference in the edition or publisher between the data on the portal and the book due to the limited information available on the publisher website for the material.
856 ## - ELECTRONIC LOCATION AND ACCESS
Uniform Resource Identifier <a href="https://s3.amazonaws.com/images.hindawi.org/kalimat/covers/svg/270x360/82047270.svg">https://s3.amazonaws.com/images.hindawi.org/kalimat/covers/svg/270x360/82047270.svg</a>
Link text CoverImage
Access method نرجو الانتباه لإمكانية وجود اختلاف في الطبعة أو الناشر بين البيانات على البوابة وما ستجده على الكتاب نظرا لمحدودية المعلومات المتاحة على الموقع الناشر للمادة.
Materials specified Please note that there may be a difference in the edition or publisher between the data on the portal and the book due to the limited information available on the publisher website for the material.
942 ## - ADDED ENTRY ELEMENTS (KOHA)
Source of classification or shelving scheme Dewey Decimal Classification
Koha item type Books
949 ## - LOCAL PROCESSING INFORMATION (OCLC)
a SA-JeALM
d 250503
u khaled123
n 1
Holdings
Withdrawn status Lost status Source of classification or shelving scheme Damaged status Not for loan Home library Current library Date acquired Total checkouts Full call number Barcode Date last seen Price effective from Koha item type
    Dewey Decimal Classification     DR AbdElwahab Library DR AbdElwahab Library 05/03/2025   411.1 ب ا ش 000012601 05/03/2025 05/03/2025 Books
    Dewey Decimal Classification     DR AbdElwahab Library DR AbdElwahab Library 05/03/2025   411.1 ب ا ش 000012602 05/03/2025 05/03/2025 Books
    Dewey Decimal Classification     DR AbdElwahab Library DR AbdElwahab Library 05/03/2025   411.1 ب ا ش 000012603 05/03/2025 05/03/2025 Books